01281nam a2200313Ia 4500001001200000003000800012006001900020007001500039008004100054010001700095020002500112040002100137035002100158050002200179082001200201245013400213260004100347300001100388500009500399504005100494533015200545600002100697650002400718655002900742700002100771700003200792710001700824856012600841ebr10393338CaPaEBRm u cr cn|||||||||100107s2010 nvu sb 001 0 eng d z 2010000651 z9781930972322 (pbk.) aCaPaEBRcCaPaEBR a(OCoLC)64991216814aB387b.O53 2010eb04a11322200aOne book, the whole universeh[electronic resource] :bPlato's Timaeus today /cedited by Richard D. Mohr and Barbara M. Sattler. aLas Vegas :bParmenides Pub.,c2010. a406 p. aProceedings of a conference held Sept. 13-16, 2007 at the University of Illinois (Urbana). aIncludes bibliographical references and index. aElectronic reproduction.bPalo Alto, Calif. :cebrary,d2010.nAvailable via World Wide Web.nAccess may be limited to ebrary affiliated libraries.00aPlato.tTimaeus. 0aCosmogony, Ancient. 7aElectronic books.2local1 aMohr, Richard D.1 aSattler, Barbara M.,d1974-2 aebrary, Inc.40uhttp://site.ebrary.com/lib/rucke/Doc?id=10393338zAn electronic book accessible through the World Wide Web; click to view